Palabra de Dios y hombre de hoy
Guardat en:
| Autor principal: | |
|---|---|
| Format: | Llibre |
| Idioma: | espanyol |
| Publicat: |
Salamanca
Sígueme
1965
|
| Col·lecció: | Iglesia, Siglo XX, 17
|
| Matèries: | |
| Etiquetes: |
Afegir etiqueta
Sense etiquetes, Sigues el primer a etiquetar aquest registre!
|
MARC
| LEADER | 00000nam a2200000 a 4500 | ||
|---|---|---|---|
| 001 | UCJ0166 | ||
| 003 | CL-VaPUC | ||
| 008 | 060707e19650000SP |||||||||||||||||spa|d | ||
| 082 | 0 | 4 | |a 220 |b GRE |2 21 |
| 100 | |a Grelot, Pierre |e author |9 522833 | ||
| 245 | 1 | 0 | |a Palabra de Dios y hombre de hoy |
| 300 | |a 76 p | ||
| 942 | |c BK | ||
| 945 | |d 20060707 00:00:00 |a cmena | ||
| 260 | |a Salamanca |b Sígueme |c 1965 | ||
| 650 | 0 | |a Biblia |9 257603 | |
| 650 | 0 | |a Textos sagrados |9 257605 | |
| 650 | 0 | |a Teología cristiana |9 308336 | |
| 583 | |a last modification |c 20060707 00:00:00 |k Rodrigo Vera | ||
| 490 | 0 | |a Iglesia, Siglo XX, 17 | |
| 999 | |c 317094 |d 317092 | ||
| 952 | |0 0 |1 0 |4 0 |6 220_000000000000000_GRE_1965 |7 0 |8 A |9 392852 |a BIBTEO |b BIBTEO |d 2019-11-22 |i 4245946 |o 220 GRE 1965 |p 4245946 |r 2019-11-22 |w 2019-11-22 |y BK |k ICR | ||